01006nam a2200253 a 4500999001500000001000600015003000900021005001700030008004100047020001800088040003800106082002200144245007000166260005000236300004600286504005100332526000800383650004400391650004700435700001800482942001200500952012000512952012000632 c1213d121319126BD-DhUAP20200203164105.0200203s2012 bg a b 001 0 eng d a9789849014164 aBD-DhAALcBD-DhAALbEngdBD-DhUAP00a338.95492 BAN22310aBangladesh at 40 changes and challenges /cedited by Abdul Bayes. aDhaka :bA H Development Pub. House ;cc2012. axii, 454 pages :billustrations ;c22 cm. aIncludes bibliographical references and index. aESS 0aEconomic developmentzBangladesh925631 0aPolitics and GovernmentzBangladesh925632 aBayes, Abdul. 2ddccBK 00102ddc4070aUAPCLbUAPCLcGeneral Stacksd2020-02-03o338.95492 BANp3010019126r2020-02-03t1w2020-02-03yBK 00102ddc4070aUAPCLbUAPCLcGeneral Stacksd2020-02-03o338.95492 BANp3010019127r2020-02-03t2w2020-02-03yBK